000 00689nam a2200289Ia 4500
005 20260324124246.0
008 008 260324s9999 xx 000 0 eng d
020 _a9780203839256
037 _aEBOOK
040 _aCRL
040 _beng
040 _cCRL
041 _2eng
041 _aeng
084 _qCRL
100 _aAre Knudsen; Sari Hanafi
_91173465
245 0 _aPalestinian Refugees
245 0 _bIdentity, Space and Place in the Levant
260 _bTaylor and Francis
260 _c2010
365 _a
365 _b240
856 _uhttp://www.taylorfrancis.com/books/9780203839256
942 _cEBOOK
999 _c1767690
_d1767690